Регионална библиотека "Любен Каравелов" - Русе

Щастливия принц (Запис номер 190356)

MARC детайли
000 -Лидер
Контролно поле с фиксирана дължина 01650nam a2200385 c 4500
003 - Код на организацията, давaща контролен номер
Контролно поле BLK
005 - Дата и час на последна редакция
Контролно поле 20241104111040.0
008 - Елементи от данни с фиксирана дължина
fixed length control field 180411b bul|||||r ||||||| ||bul||
010 ## - Наследен системен номер
LC control number KNG00199491000
020 ## - Международен стандартен номер на книга ISBN
Международен стандартен номер на книга ISBN 978-954-660-682-2
-- издат.: ПАН
040 ## - Източник на каталожния запис
Идентификатор на билиотеката - собственик на записа BLK
041 ## - Код за език
Код за езика на текст/звукозапис или на отделно заглавие Български
Код за езика КДБФ Български
072 #7 - Код за тематичната категория
Код организация bullib
Код за тематична категория Н85
Текст Детска художествена литература Н
080 ## - УДК
Текстов определител УДК Английска литература
УДК код - определител по УДК 821.111
УДК определител -93-91
УДК - код + определител 821.111-93-91
100 1# - Редна дума - Автор
Автор Уайлд, Оскар
Дати, свързани с автора 1854 - 1900
Автор - информация (биография) Английски писател, поет, драматург
Пълна форма на името Уайлд, Оскар Фингъл О'Флеърти Уилс
R(LIN) 132080
139 ## - Редно поле
Редна дума Уайлд, Оскар
Авторски знак Уаи - У 13
245 10 - Сведения за заглавието
Заглавие Щастливия принц
Подзаглавни данни Приказка
Редно поле (дума) Оскар Уайлд; адапт. Любомир Кирилов Русанов; худож. Лилия Тодорова.
257 ## - Страна на издаване
Страна на създаване/издаване Великобритания
260 ## - Област на издателските данни
-- София
Име на издателя, разпространителя и проч. ПАН
Година на издаване 2016
300 ## - Физическа характеристика
Страници 16 с.
Илюстрации и др. с цв. ил.
Размери/Мащаб 28 см
380 ## - Жанр
Жанр Детска худож. лит.
500 ## - Общи забележки
Забележка Без сведение за ориг. загл. - Съдържа и за авт.
653 ## - Ключова дума – ненормативна
Ключова дума приказки
653 ## - Ключова дума – ненормативна
Ключова дума литература за деца
653 ## - Ключова дума – ненормативна
Ключова дума детска литература
659 ## - Тематичен бюлетин
Тематичен бюлетин Н
700 1# - Други автори (авторска отговорност)
Лично име Русанов, Любомир Кирилов
9 (RLIN) 117434
700 1# - Други автори (авторска отговорност)
Лично име Тодорова, Лилия
Автороска отговорност (Описва отношението между автора и произведението) худож.
9 (RLIN) 384168
852 ## - Местоположение
Форматна сигнатура Цб ІІ 21665
856 4# - Електронен адрес и достъп
Електронен формат pdf - файл
Път до файла /url/
856 4# - Електронен адрес и достъп
Електронен формат pdf - файл
Път до файла /url/
942 ## - АРТИКУЛИ
Вид на библиотечния материал Книги
Скрит в OPAC Не
Koha issues (borrowed), all copies 4
944 ## - СЪЗДАВАНЕ И РЕДАКЦИЯ на ЗАПИСА
Създаване/Редакция Създаване
Дата на регистрацията/редакция 30.01.2017
Статус, дата на статуса Геновева Генчева
Служител, извършил регистрацията/редакцията 30560
944 ## - СЪЗДАВАНЕ И РЕДАКЦИЯ на ЗАПИСА
Създаване/Редакция Редакция
Дата на регистрацията/редакция 20.11.2017
Статус, дата на статуса ф /
Служител, извършил регистрацията/редакцията Грета_Цуфелде
999 ## - СИСТЕМНИ КОНТРОЛНИ НОМЕРА
Koha biblionumber 190356
Koha biblioitemnumber 190356
Наличности
Код за отписване Код за изгубен артикул Код за повреда Коз за рестрикции Код за отдаване Артикулен № Име на библиотеката - собственик Име на библиотеката, в която се намира в момента Статус (Текущо местоположение) Дата на вписване в системата Местоположение - отдел Цена в лева Инвентарен номер Систематично азбучна сигнатура Баркод Номер на екземпляра Цена в евро Служебна бележка Служебен тип на артикула
  Не е изгубен Не е повреден без рестрикции заемане за дома 334917 Регионална библиотека "Любен Каравелов" Русе Регионална библиотека "Любен Каравелов" Русе Детски отдел 2017-01-27 Детски отдел 3.30 120000808099 ДХ 820/899/У 13 120000808099 1 1.69 Дост: Pk Вид: Ф N: 481 Дата: 27.01.2017 Книги
  Не е изгубен Не е повреден без рестрикции ползва се в читалня 334918 Регионална библиотека "Любен Каравелов" Русе Регионална библиотека "Любен Каравелов" Русе Хранилище 2017-10-25 Хранилище 3.30 120000816229 Цб ІІ 21665 120000816229 2 1.69 Дост: Dp Вид: Д N: 37 Дата: 15.08.2017 Книги
Vip Innovations Ltd, Rousse, Bulgaria 2025